Levelek egy kétkedőhöz

Elmentve itt :
Bibliográfiai részletek
Szerző: Balmes Jakab
Dokumentumtípus: Könyv
Megjelent: Bába Imre Gyorssajtóján Szeged, Magyarország 1865
Kulcsszavak:Ateizmus, Vallásfilozófia
Tárgyszavak:
Online Access:http://misc.bibl.u-szeged.hu/57760
LEADER 00689nam a2200193 i 4500
001 misc57760
005 20210517201139.0
008 210517s1865 hu o 0|| hun d
040 |a SZTE Miscellanea Repozitórium  |b hun 
041 |a hun 
100 1 |a Balmes Jakab 
245 1 0 |a Levelek egy kétkedőhöz  |h [elektronikus dokumentum] /  |c  Balmes Jakab 
260 |a Bába Imre Gyorssajtóján  |b Szeged, Magyarország  |c 1865 
300 |a VII, 382 p.  |c 19 cm 
650 4 |a Bölcsészettudományok 
650 4 |a Filozófia, etika és vallástudományok 
650 4 |a Vallástudományok 
695 |a Ateizmus, Vallásfilozófia 
856 4 0 |u http://misc.bibl.u-szeged.hu/57760/1/xa_189437.pdf  |z Dokumentum-elérés